[Event "Komarom Esztergom County-chT"]
[Site "Hungary"]
[Date "2013.01.20"]
[Round "5.2"]
[White "Brayer, Janos"]
[Black "Munkacsy, Istvan"]
[Result "1/2-1/2"]
[WhiteElo "2033"]
[BlackElo "2092"]
[PlyCount "39"]
[EventDate "2012.09.29"]
[EventType "team-tourn"]
[EventRounds "10"]
[EventCountry "HUN"]
[SourceTitle "EXT 2014"]
[Source "ChessBase"]
[SourceDate "2013.11.20"]
[SourceVersion "1"]
[SourceVersionDate "2013.11.20"]
[SourceQuality "1"]
[WhiteTeam "Kisber Aszar"]
[BlackTeam "Acsi Kinizsi SC"]
[WhiteTeamCountry "HUN"]
[BlackTeamCountry "HUN"]

1. d4 d5 2. Nf3 c6 3. e3 Nf6 4. c4 Bg4 5. Qb3 Qb6 6. Ne5 Qxb3 7. axb3 e6 8. Nxg4 Nxg4 9. f3 Nf6 10. c5 Nbd7 11. b4 a6 12. b5 cxb5 13. Bxb5 Rc8 14. Bd3 Be7 15. Nc3 0-0 16. g4 Nb8 17. Bd2 Rfe8 18. Na4 Nfd7 19. 0-0 Nc6 20. b4 1/2-1/2

[Event "HUN-chT2 Breyer 0809"]
[Site "Hungary"]
[Date "2009.04.19"]
[Round "11"]
[White "Csapo, Zoltan"]
[Black "Munkacsy, Istvan"]
[Result "1/2-1/2"]
[WhiteElo "2107"]
[BlackElo "2143"]
[PlyCount "44"]
[EventDate "2008.10.26"]
[EventType "team-tourn"]
[EventRounds "11"]
[EventCountry "HUN"]
[SourceTitle "EXT 2010"]
[Source "ChessBase"]
[SourceDate "2010.11.25"]
[SourceVersion "1"]
[SourceVersionDate "2010.11.25"]
[SourceQuality "1"]
[WhiteTeam "Vizugy"]
[BlackTeam "Gyor Komszomol"]
[WhiteTeamCountry "HUN"]
[BlackTeamCountry "HUN"]

1. e4 c6 2. d3 d5 3. Nd2 dxe4 4. dxe4 Qc7 5. Ngf3 Bg4 6. h3 Bh5 7. g4 Bg6 8. Bg2 Nd7 9. Qe2 e6 10. Nh4 Be7 11. Nxg6 hxg6 12. Nc4 Nb6 13. 0-0 Nf6 14. Ne3 Bd6 15. Re1 0-0 16. a4 Bf4 17. a5 Nbd7 18. a6 b6 19. Bd2 Rad8 20. Bc3 Be5 21. Bxe5 Qxe5 22. Nc4 Qc5 1/2-1/2

[Event "HUN-chT2 Breyer 0809"]
[Site "Hungary"]
[Date "2009.01.11"]
[Round "5"]
[White "Munkacsy, Istvan"]
[Black "Meszaros, Vilmos"]
[Result "0-1"]
[WhiteElo "2143"]
[BlackElo "1925"]
[PlyCount "156"]
[EventDate "2008.10.26"]
[EventType "team-tourn"]
[EventRounds "11"]
[EventCountry "HUN"]
[SourceTitle "EXT 2010"]
[Source "ChessBase"]
[SourceDate "2010.11.25"]
[SourceVersion "1"]
[SourceVersionDate "2010.11.25"]
[SourceQuality "1"]
[WhiteTeam "Gyor Komszomol"]
[BlackTeam "Turul"]
[WhiteTeamCountry "HUN"]
[BlackTeamCountry "HUN"]

1. e4 d5 2. exd5 Qxd5 3. Nc3 Qd8 4. Be2 Nf6 5. Nf3 Nc6 6. 0-0 e6 7. d3 Be7 8. Bg5 b6 9. Bf4 Bb7 10. Qd2 0-0 11. Rae1 Qd7 12. Ne5 Nxe5 13. Bxe5 Nd5 14. Nxd5 Bxd5 15. f4 f6 16. Bc3 Rad8 17. Bf3 Rfe8 18. a3 Bc5+ 19. Kh1 Bf8 20. Qf2 Qf7 21. Bxd5 Rxd5 22. Qf3 c5 23. Re4 Rd7 24. Rfe1 Bd6 25. f5 e5 26. Rg4 Kf8 27. Qh3 Qg8 28. Bd2 Ke7 29. Qf3 Bb8 30. b4 Bd6 31. Qc6 Rc7 32. Qe4 Kd8 33. bxc5 Bxc5 34. Bb4 Qf8 35. Qa8+ Kd7 36. Qd5+ Kc8 37. Bxc5 Qxc5 38. Qa8+ Kd7 39. Rxg7+ Re7 40. Rg8 Kd6 41. c4 Qc6 42. Rd8+ Red7 43. Rxd7+ Rxd7 44. Qb8+ Qc7 45. Qf8+ Re7 46. Qxf6+ Kc5 47. Re4 b5 48. Qa6 Qb6 49. Qc8+ Qc7 50. Rxe5+ Kd4 51. Qxc7 Rxc7 52. Rd5+ Ke3 53. c5 a5 54. h3 b4 55. axb4 axb4 56. c6 Kd2 57. Rb5 Kc3 58. g4 Rxc6 59. Kg2 b3 60. Kg3 Kc2 61. g5 Rc3 62. Kg4 b2 63. Rxb2+ Kxb2 64. Kh5 Rxd3 65. h4 Kc3 66. Kh6 Rd7 67. h5 Kd4 68. g6 hxg6 69. hxg6 Ke5 70. Kg5 Rd1 71. Kh6 Kf6 72. Kh7 Rh1+ 73. Kg8 Kxf5 74. g7 Kg6 75. Kf8 Rf1+ 76. Kg8 Rf4 77. Kh8 Rh4+ 78. Kg8 Rh7 0-1

[Event "HUN-chT2 Breyer 0809"]
[Site "Hungary"]
[Date "2008.12.21"]
[Round "4"]
[White "Barabas, Attila"]
[Black "Munkacsy, Istvan"]
[Result "1-0"]
[WhiteElo "2033"]
[BlackElo "2143"]
[PlyCount "67"]
[EventDate "2008.10.26"]
[EventType "team-tourn"]
[EventRounds "11"]
[EventCountry "HUN"]
[SourceTitle "EXT 2010"]
[Source "ChessBase"]
[SourceDate "2010.11.25"]
[SourceVersion "1"]
[SourceVersionDate "2010.11.25"]
[SourceQuality "1"]
[WhiteTeam "Vertesi Eromu"]
[BlackTeam "Gyor Komszomol"]
[WhiteTeamCountry "HUN"]
[BlackTeamCountry "HUN"]

1. d3 d5 2. e4 dxe4 3. dxe4 Qxd1+ 4. Kxd1 Nc6 5. c3 Bd7 6. Be3 0-0-0 7. Nd2 g6 8. Kc2 Bg7 9. Ne2 e5 10. Nc1 f5 11. f3 Nf6 12. Nd3 h5 13. Nc5 a6 14. Be2 f4 15. Bf2 g5 16. h3 Kb8 17. b4 h4 18. a4 Nh5 19. Rhb1 Rh6 20. Ndb3 Bf8 21. b5 Na7 22. bxa6 b6 23. Nxd7+ Rxd7 24. a5 Rc6 25. axb6 cxb6 26. Na5 Rc8 27. Rxb6+ Ka8 28. Bc4 Bc5 29. Bxc5 Rxc5 30. Rab1 Nc8 31. Rb8+ Ka7 32. R8b7+ Rxb7 33. axb7 Nb6 34. Rxb6 1-0

[Event "HUN-chT2 Szechenyi 0708"]
[Site "Hungary"]
[Date "2007.12.09"]
[Round "4"]
[White "Deak, Laszlo"]
[Black "Munkacsy, Istvan"]
[Result "1-0"]
[WhiteElo "2046"]
[BlackElo "2157"]
[PlyCount "119"]
[EventDate "2007.10.14"]
[EventType "team"]
[EventRounds "11"]
[EventCountry "HUN"]
[SourceTitle "EXT 2009"]
[Source "ChessBase"]
[SourceDate "2008.11.26"]
[SourceVersion "1"]
[SourceVersionDate "2008.11.26"]
[SourceQuality "1"]
[WhiteTeam "Zala Volan"]
[BlackTeam "Gyor Komszomol"]
[WhiteTeamCountry "HUN"]
[BlackTeamCountry "HUN"]

1. e4 c6 2. d4 d5 3. exd5 cxd5 4. Bd3 Nf6 5. c3 g6 6. h3 Bf5 7. Nf3 Nc6 8. Na3 Bxd3 9. Qxd3 a6 10. Nc2 Rc8 11. 0-0 Bg7 12. Re1 0-0 13. Ne3 e6 14. Ng4 Qc7 15. Nxf6+ Bxf6 16. Bh6 Rfe8 17. Re2 b5 18. Rae1 b4 19. Qxa6 Ra8 20. Qb5 Reb8 21. Qd3 Rxa2 22. c4 Ne7 23. cxd5 Nxd5 24. Qb3 Raa8 25. Ne5 Bg7 26. Bxg7 Kxg7 27. g3 Rf8 28. Ng4 Rac8 29. Ne3 Nxe3 30. Rxe3 Qc4 31. Qxc4 Rxc4 32. Rd1 Rd8 33. Red3 Rd5 34. f4 h5 35. Kf2 Rc2+ 36. R1d2 Rc1 37. Rd1 Rxd1 38. Rxd1 Kf6 39. Ke3 Kf5 40. Rc1 g5 41. fxg5 Kxg5 42. Rc4 f5 43. Rxb4 h4 44. gxh4+ Kxh4 45. Rb6 Kxh3 46. Rxe6 Rb5 47. Kf4 Rxb2 48. Kxf5 Rd2 49. Ke5 Kg4 50. Rf6 Re2+ 51. Kd6 Kg5 52. Rf1 Kg6 53. d5 Rd2 54. Ke6 Kg7 55. d6 Re2+ 56. Kd7 Kg6 57. Kd8 Rd2 58. d7 Rd3 59. Rc1 Ra3 60. Kc7 1-0

[Event "HUN-chT2 Szechenyi 0708"]
[Site "Hungary"]
[Date "2007.11.25"]
[Round "3"]
[White "Munkacsy, Istvan"]
[Black "Domonkos, Daniel"]
[Result "1/2-1/2"]
[WhiteElo "2157"]
[BlackElo "1985"]
[PlyCount "141"]
[EventDate "2007.10.14"]
[EventType "team"]
[EventRounds "11"]
[EventCountry "HUN"]
[SourceTitle "EXT 2009"]
[Source "ChessBase"]
[SourceDate "2008.11.26"]
[SourceVersion "1"]
[SourceVersionDate "2008.11.26"]
[SourceQuality "1"]
[WhiteTeam "Gyor Komszomol"]
[BlackTeam "Veszprem"]
[WhiteTeamCountry "HUN"]
[BlackTeamCountry "HUN"]

1. e4 c5 2. c3 Nc6 3. d4 cxd4 4. cxd4 d6 5. h3 g6 6. Nf3 Bg7 7. Bb5 a6 8. Ba4 Bd7 9. 0-0 Nf6 10. Re1 0-0 11. e5 Nd5 12. Bb3 Nc7 13. Nc3 dxe5 14. dxe5 Be6 15. Qe2 Nd4 16. Nxd4 Qxd4 17. Bg5 Rfe8 18. Rad1 Qb4 19. Bxe6 Nxe6 20. Nd5 Qc5 21. Be3 Qb5 22. f4 Qxe2 23. Rxe2 f5 24. Red2 Kf7 25. Kf2 Rad8 26. Kf3 g5 27. g3 h5 28. Bb6 Rd7 29. Ne3 Rxd2 30. Rxd2 gxf4 31. gxf4 Bh6 32. Ng2 Rc8 33. Be3 Rc4 34. Nh4 Bxf4 35. Nxf5 Bxe5 36. Rd7 Rc7 37. Rxc7 Nxc7 38. Bd4 Bxd4 39. Nxd4 Kf6 40. Kg3 e5 41. Ne2 Kg5 42. h4+ Kf5 43. Kf3 e4+ 44. Ke3 Ke5 45. Ng3 Nd5+ 46. Kd2 Nf4 47. Kc3 Ng6 48. Nxh5 Nxh4 49. a4 Ng2 50. Ng3 Ne3 51. b3 Nd5+ 52. Kc4 e3 53. a5 Kf4 54. Ne2+ Kf3 55. Nd4+ Ke4 56. Ne2 Nf4 57. Nc3+ Ke5 58. Kc5 Ne6+ 59. Kb6 Kd4 60. Ne2+ Kd3 61. Ng1 Nd8 62. Kc7 Nc6 63. Kxb7 Nxa5+ 64. Kxa6 Nxb3 65. Kb5 Nd4+ 66. Kc5 Ne2 67. Nf3 Nf4 68. Nd4 Kd2 69. Kc4 Ne6 70. Nxe6 e2 71. Nd4 1/2-1/2

[Event "HUN-chT2 Szechenyi 0607"]
[Site "Hungary"]
[Date "2006.11.26"]
[Round "2"]
[White "Munkacsy, Istvan"]
[Black "Vamosi, Jozsef"]
[Result "1-0"]
[WhiteElo "2143"]
[BlackElo "2069"]
[PlyCount "125"]
[EventDate "2006.11.12"]
[EventType "team"]
[EventRounds "11"]
[EventCountry "HUN"]
[SourceTitle "EXT 2008"]
[Source "ChessBase"]
[SourceDate "2007.11.25"]
[SourceVersion "1"]
[SourceVersionDate "2007.11.25"]
[SourceQuality "1"]
[WhiteTeam "Gyor Komszomol"]
[BlackTeam "Flesch"]
[WhiteTeamCountry "HUN"]
[BlackTeamCountry "HUN"]

1. e4 e5 2. Nf3 Nc6 3. Bb5 a6 4. Ba4 Nf6 5. d4 b5 6. Bb3 Nxd4 7. Nxd4 exd4 8. e5 Ng8 9. Qxd4 Bb7 10. Qf4 Qe7 11. 0-0 g6 12. Be3 Nh6 13. Nc3 Bg7 14. Rfe1 0-0 15. Bd5 c6 16. Bf3 Nf5 17. Bd4 Rfe8 18. Rad1 d6 19. Qd2 Nxd4 20. Qxd4 Bxe5 21. Qd2 f5 22. h3 Qf6 23. Ne2 Rad8 24. c3 d5 25. Qc2 Qh4 26. b3 Re7 27. Rf1 Rde8 28. Nd4 Bc7 29. a4 Re5 30. axb5 axb5 31. Qa2 Bb6 32. Qb2 Qf6 33. Ne2 Bc7 34. Nd4 Qd6 35. g3 Bc8 36. c4 bxc4 37. bxc4 Qc5 38. cxd5 cxd5 39. Rc1 Qb6 40. Qxb6 Bxb6 41. Nc6 Ba6 42. Nxe5 Rxe5 43. Rfe1 Rxe1+ 44. Rxe1 Bc4 45. Be2 Ba5 46. Ra1 Bd2 47. Bxc4 dxc4 48. Kf1 c3 49. Ke2 h6 50. f3 Kf7 51. Ra6 Kg7 52. Kd3 Kf7 53. Rc6 Kg7 54. Kd4 Be1 55. g4 fxg4 56. fxg4 Kf7 57. Kd5 Kg7 58. Ke6 g5 59. Kf5 Bd2 60. Rc7+ Kf8 61. Ke6 Be1 62. Kf6 Ke8 63. Re7+ 1-0

[Event "HUN-chT2 Szechenyi 0506"]
[Site "Hungary"]
[Date "2006.04.23"]
[Round "11"]
[White "Munkacsy, Istvan"]
[Black "Tivolt, Ferenc"]
[Result "1-0"]
[WhiteElo "2123"]
[BlackElo "2116"]
[PlyCount "71"]
[EventDate "2005.10.16"]
[EventType "team"]
[EventRounds "11"]
[EventCountry "HUN"]
[SourceTitle "EXT 2009"]
[Source "ChessBase"]
[SourceDate "2008.11.26"]
[SourceVersion "1"]
[SourceVersionDate "2008.11.26"]
[SourceQuality "1"]
[WhiteTeam "Gyor Komszomol"]
[BlackTeam "Zala Volan"]
[WhiteTeamCountry "HUN"]
[BlackTeamCountry "HUN"]

1. e4 c5 2. c3 d5 3. exd5 Qxd5 4. d4 Nc6 5. Nf3 cxd4 6. cxd4 e5 7. Nc3 Bb4 8. Bd2 Bxc3 9. Bxc3 e4 10. Ne5 Nxe5 11. dxe5 Ne7 12. Qa4+ Bd7 13. Qc4 Rc8 14. Qb4 Qc6 15. Rc1 Nd5 16. Qxe4 Nxc3 17. Qxc6 Rxc6 18. Rxc3 Rxc3 19. bxc3 0-0 20. Kd2 Bc6 21. f4 Rd8+ 22. Ke1 Rd5 23. Be2 Ra5 24. Kf2 Rxa2 25. Rd1 g6 26. Ke3 Rc2 27. Rd8+ Kg7 28. g4 Rxc3+ 29. Kd4 Rc2 30. Bd3 Rxh2 31. f5 gxf5 32. gxf5 Rh4+ 33. Kc3 Rh3 34. f6+ Kh6 35. e6 Rf3 36. exf7 1-0

[Event "HUN-chT2 Szechenyi 0506"]
[Site "Hungary"]
[Date "2006.03.19"]
[Round "9"]
[White "Geroly, Jozsef"]
[Black "Munkacsy, Istvan"]
[Result "1-0"]
[WhiteElo "2097"]
[BlackElo "2123"]
[PlyCount "107"]
[EventDate "2005.10.16"]
[EventType "team"]
[EventRounds "11"]
[EventCountry "HUN"]
[SourceTitle "EXT 2009"]
[Source "ChessBase"]
[SourceDate "2008.11.26"]
[SourceVersion "1"]
[SourceVersionDate "2008.11.26"]
[SourceQuality "1"]
[WhiteTeam "HEMO"]
[BlackTeam "Gyor Komszomol"]
[WhiteTeamCountry "HUN"]
[BlackTeamCountry "HUN"]

1. Nf3 d5 2. g3 Nf6 3. Bg2 g6 4. d4 Bg7 5. 0-0 0-0 6. c4 c6 7. Nc3 Re8 8. Ne5 e6 9. Bg5 Nbd7 10. Qd2 Qa5 11. Nxd5 Qxd2 12. Nxf6+ Bxf6 13. Bxd2 Nxe5 14. dxe5 Bxe5 15. Rab1 Bf6 16. b4 Bd7 17. b5 cxb5 18. cxb5 Rac8 19. Be3 b6 20. a4 Rc2 21. Rfd1 Rd8 22. a5 Be8 23. Rxd8 Bxd8 24. Be4 Rc4 25. Rd1 Be7 26. Bd3 Rb4 27. a6 Bc5 28. Bh6 f6 29. Bd2 Rb2 30. Bc1 Rb4 31. Ba3 Rb3 32. Bxc5 bxc5 33. Bc4 Rb4 34. Bxe6+ Kf8 35. Bd7 Ke7 36. Bc6 c4 37. Rd4 Rb1+ 38. Kg2 c3 39. Rc4 Bxc6+ 40. bxc6 Kd8 41. Rxc3 Rb6 42. Rd3+ Kc8 43. Rd7 Rxa6 44. Rxh7 Ra1 45. Rh6 Rc1 46. Rxg6 Rxc6 47. h4 a5 48. h5 Kb7 49. h6 Rc8 50. Rxf6 a4 51. Rf3 Kb6 52. g4 Rg8 53. h7 Rh8 54. Rh3 1-0

[Event "HUN-chT2 Szechenyi 0506"]
[Site "Hungary"]
[Date "2005.11.13"]
[Round "3"]
[White "Domotor, Jozsef"]
[Black "Munkacsy, Istvan"]
[Result "1/2-1/2"]
[WhiteElo "2061"]
[BlackElo "2123"]
[PlyCount "144"]
[EventDate "2005.10.16"]
[EventType "team"]
[EventRounds "11"]
[EventCountry "HUN"]
[SourceTitle "EXT 2009"]
[Source "ChessBase"]
[SourceDate "2008.11.26"]
[SourceVersion "1"]
[SourceVersionDate "2008.11.26"]
[SourceQuality "1"]
[WhiteTeam "Kvarosi Zeg"]
[BlackTeam "Gyor Komszomol"]
[WhiteTeamCountry "HUN"]
[BlackTeamCountry "HUN"]

1. d4 d5 2. Nf3 Nf6 3. c4 e6 4. Nc3 c6 5. e3 Bd6 6. Qc2 Nbd7 7. Bd3 dxc4 8. Bxc4 0-0 9. 0-0 e5 10. Re1 h6 11. a3 Qc7 12. h3 exd4 13. exd4 Nb6 14. Ba2 Bf4 15. Ne5 Bxc1 16. Raxc1 Qd6 17. Rcd1 Nbd5 18. Ne4 Nxe4 19. Qxe4 Be6 20. Bb1 Nf6 21. Qc2 Rad8 22. Re3 Bd5 23. Ng4 Ne4 24. f3 Ng5 25. h4 f5 26. hxg5 fxg4 27. Qh7+ Kf7 28. gxh6 Qxh6 29. Qxh6 gxh6 30. fxg4 Rfe8 31. Re5 Bb3 32. Rde1 Rxe5 33. dxe5 Rd2 34. Bf5 Rxb2 35. Re3 Bd5 36. e6+ Ke7 37. Rh3 Re2 38. Rxh6 Bxe6 39. Bxe6 Rxe6 40. Rh7+ Kd6 41. Rxb7 a5 42. Ra7 Re5 43. Kf2 Rb5 44. a4 Rg5 45. Kf3 Ke6 46. Ra8 Rc5 47. Re8+ Kf6 48. Rf8+ Kg6 49. Rf5 Rc3+ 50. Kf2 c5 51. Rd5 Rc4 52. Kg3 Rxa4 53. Rxc5 Ra1 54. g5 Ra4 55. Kh3 Kh5 56. g4+ Kg6 57. Kh4 Ra1 58. Rc6+ Kg7 59. g6 a4 60. Kh5 a3 61. Rc7+ Kg8 62. Ra7 a2 63. g7 Rb1 64. Rxa2 Rb5+ 65. Kh6 Rb6+ 66. Kh5 Rb5+ 67. g5 Kxg7 68. Ra7+ Kg8 69. Kh6 Rb6+ 70. g6 Rb8 71. Rg7+ Kh8 72. Rd7 Kg8 1/2-1/2

[Event "HUN-chT2 Szechenyi 0405"]
[Site "Hungary"]
[Date "2004.12.05"]
[Round "4"]
[White "Nemeth, Jozsef"]
[Black "Munkacsy, Istvan"]
[Result "1-0"]
[WhiteElo "2083"]
[BlackElo "2153"]
[PlyCount "107"]
[EventDate "2004.09.26"]
[EventType "team"]
[EventRounds "11"]
[EventCountry "HUN"]
[SourceTitle "EXT 2009"]
[Source "ChessBase"]
[SourceDate "2008.11.26"]
[SourceVersion "1"]
[SourceVersionDate "2008.11.26"]
[SourceQuality "1"]
[WhiteTeam "Zala Volan"]
[BlackTeam "Gyor Vizugy"]
[WhiteTeamCountry "HUN"]
[BlackTeamCountry "HUN"]

1. d4 d5 2. c4 e6 3. Nc3 Nf6 4. cxd5 exd5 5. Bg5 Be7 6. e3 c6 7. Bd3 h6 8. Bh4 0-0 9. Qc2 Re8 10. Nge2 Ne4 11. Bxe7 Qxe7 12. Bxe4 dxe4 13. Ng3 f5 14. 0-0 Qg5 15. Rae1 b6 16. f3 Ba6 17. Rf2 Bd3 18. Qb3+ Kh7 19. fxe4 fxe4 20. Ncxe4 Bxe4 21. Nxe4 Qe7 22. Ng3 Qg5 23. Rf7 Na6 24. Qd3+ Qg6 25. Qxg6+ Kxg6 26. Rf3 Rad8 27. Ne2 Nb4 28. Nf4+ Kh7 29. a3 Na6 30. Rd1 Nc7 31. Rc1 Rd6 32. b4 Re4 33. Kf2 Ne8 34. Nd3 Nf6 35. Ne5 Ng4+ 36. Nxg4 Rxg4 37. Rf7 a5 38. bxa5 bxa5 39. Rc5 a4 40. Rc4 h5 41. Rf4 Rgg6 42. Rxa4 c5 43. Ra5 Rb6 44. Rxc5 Rb2+ 45. Kf3 Rgxg2 46. Rxh5+ Kg8 47. d5 g5 48. Rd4 Kg7 49. d6 Rbf2+ 50. Ke4 Rf8 51. d7 Rd8 52. Ke5 Kg6 53. Rh3 Kf7 54. Rh7+ 1-0

[Event "HUN-chT2 Szechenyi 0405"]
[Site "Hungary"]
[Date "2004.09.26"]
[Round "1"]
[White "Munkacsy, Istvan"]
[Black "Gerencer, Jozef"]
[Result "1-0"]
[WhiteElo "2153"]
[BlackElo "2156"]
[PlyCount "67"]
[EventDate "2004.09.26"]
[EventType "team"]
[EventRounds "11"]
[EventCountry "HUN"]
[SourceTitle "EXT 2009"]
[Source "ChessBase"]
[SourceDate "2008.11.26"]
[SourceVersion "1"]
[SourceVersionDate "2008.11.26"]
[SourceQuality "1"]
[WhiteTeam "Gyor Vizugy"]
[BlackTeam "Kertvaros"]
[WhiteTeamCountry "HUN"]
[BlackTeamCountry "HUN"]

1. e4 d5 2. exd5 Qxd5 3. Nc3 Qd6 4. Be2 Nf6 5. Nf3 g6 6. 0-0 Bg7 7. d3 0-0 8. g3 Bh3 9. Re1 c6 10. Bf4 Qb4 11. Qd2 Nh5 12. Bh6 Bg4 13. Bxg7 Kxg7 14. a3 Qa5 15. Ne5 Bxe2 16. Rxe2 Nf6 17. Rae1 e6 18. Qf4 Qd8 19. Ne4 Nbd7 20. h4 Nxe4 21. Rxe4 Nxe5 22. Rxe5 h5 23. Qb4 Rb8 24. Qc3 Qf6 25. R1e4 Kg8 26. Qc5 Qf3 27. Rf4 Qd1+ 28. Kg2 Rbd8 29. Qc3 Qb1 30. Rf6 Rfe8 31. Rg5 e5 32. Qb3 Rd5 33. Qxb7 Rf8 34. Rfxg6+ 1-0

[Event "HUN-chT2 Szechenyi 0304"]
[Site "Hungary"]
[Date "2003.12.07"]
[Round "5"]
[White "Bauman, Tibor"]
[Black "Munkacsy, Istvan"]
[Result "1/2-1/2"]
[WhiteElo "2113"]
[BlackElo "2152"]
[PlyCount "48"]
[EventDate "2003.09.28"]
[EventType "team"]
[EventRounds "11"]
[EventCountry "HUN"]
[SourceTitle "EXT 2009"]
[Source "ChessBase"]
[SourceDate "2008.11.26"]
[SourceVersion "1"]
[SourceVersionDate "2008.11.26"]
[SourceQuality "1"]
[WhiteTeam "Veszprem"]
[BlackTeam "Gyor Vizugy"]
[WhiteTeamCountry "HUN"]
[BlackTeamCountry "HUN"]

1. Nf3 d5 2. d4 Nf6 3. g3 c6 4. Bg2 g6 5. 0-0 Bg7 6. c4 0-0 7. cxd5 Qxd5 8. Nc3 Qh5 9. Qb3 Nbd7 10. Ng5 Nb6 11. h3 Bxh3 12. Nxh3 Ng4 13. e3 e5 14. d5 cxd5 15. Nxd5 Nxd5 16. Qxd5 Rad8 17. Qxb7 f5 18. f3 Nf6 19. b3 Rd7 20. Qb5 Rfd8 21. Rb1 Kh8 22. Qxe5 Nd5 23. Qe6 Rd6 24. Qf7 R6d7 1/2-1/2

[Event "HUN-chT2 Szechenyi 0304"]
[Site "Hungary"]
[Date "2003.11.30"]
[Round "4"]
[White "Munkacsy, Istvan"]
[Black "Varga, Jozsef"]
[Result "1/2-1/2"]
[WhiteElo "2152"]
[BlackElo "2064"]
[PlyCount "100"]
[EventDate "2003.09.28"]
[EventType "team"]
[EventRounds "11"]
[EventCountry "HUN"]
[SourceTitle "EXT 2009"]
[Source "ChessBase"]
[SourceDate "2008.11.26"]
[SourceVersion "1"]
[SourceVersionDate "2008.11.26"]
[SourceQuality "1"]
[WhiteTeam "Gyor Vizugy"]
[BlackTeam "Szentgotthard"]
[WhiteTeamCountry "HUN"]
[BlackTeamCountry "HUN"]

1. e4 d6 2. d4 e6 3. c3 Bd7 4. f4 Qh4+ 5. g3 Qd8 6. Bg2 c6 7. Nf3 Ne7 8. 0-0 d5 9. Ne5 g6 10. f5 exf5 11. exf5 Bxf5 12. Bg5 Nd7 13. Nxf7 Kxf7 14. g4 Nf6 15. Bxf6 Kxf6 16. Nd2 Rg8 17. Qe1 Kg7 18. Qe5+ Kh6 19. gxf5 Nxf5 20. Rf3 Be7 21. Rh3+ Nh4 22. Nf3 g5 23. Rf1 Rg6 24. Nxh4 gxh4 25. Kh1 Bf6 26. Qf4+ Kg7 27. Rhf3 Qe7 28. Bh3 Rf8 29. Re3 Qd8 30. Re6 Bg5 31. Qe5+ Kh6 32. Rf5 Rxf5 33. Bxf5 Rxe6 34. Qxe6+ Bf6 35. h3 Kg7 36. Kg2 Qc7 37. Qd7+ Qxd7 38. Bxd7 Bg5 39. Bc8 Bc1 40. b3 b6 41. Bb7 Bb2 42. Bxc6 Bxc3 43. Bxd5 Bxd4 44. Kf3 h6 45. Ke4 Bc5 46. Bc4 Kf6 47. Kd5 Kf5 48. Ba6 Kf4 49. Kc6 Kg3 50. Bc8 a5 1/2-1/2

[Event "HUN-chT2 Szechenyi 0304"]
[Site "Hungary"]
[Date "2003.11.16"]
[Round "3"]
[White "Munkacsy, Istvan"]
[Black "Horvath, Gabor2222"]
[Result "1/2-1/2"]
[WhiteElo "2152"]
[BlackElo "2113"]
[PlyCount "47"]
[EventDate "2003.09.28"]
[EventType "team"]
[EventRounds "11"]
[EventCountry "HUN"]
[SourceTitle "EXT 2009"]
[Source "ChessBase"]
[SourceDate "2008.11.26"]
[SourceVersion "1"]
[SourceVersionDate "2008.11.26"]
[SourceQuality "1"]
[WhiteTeam "Gyor Vizugy"]
[BlackTeam "Flesch"]
[WhiteTeamCountry "HUN"]
[BlackTeamCountry "HUN"]

1. e4 e6 2. d4 d5 3. Nc3 Bb4 4. exd5 exd5 5. a3 Be7 6. Nf3 Bf5 7. Bd3 Bxd3 8. Qxd3 c6 9. 0-0 Nf6 10. Re1 0-0 11. Bg5 Na6 12. Nh4 Ne4 13. Bxe7 Qxe7 14. g3 Qf6 15. Nxe4 dxe4 16. Rxe4 Rad8 17. Qe3 c5 18. c3 cxd4 19. cxd4 Nc7 20. Re1 Ne6 21. f4 Rxd4 22. Rxd4 Nxd4 23. Rd1 Rd8 24. Nf3 1/2-1/2

[Event "HUN-chT2 Szechenyi 0203"]
[Site "Hungary"]
[Date "2003.03.02"]
[Round "8"]
[White "Szilagyi, Zoltan"]
[Black "Munkacsy, Istvan"]
[Result "1/2-1/2"]
[WhiteElo "1971"]
[BlackElo "2149"]
[PlyCount "41"]
[EventDate "2002.09.22"]
[EventType "team"]
[EventRounds "11"]
[EventCountry "HUN"]
[SourceTitle "EXT 2009"]
[Source "ChessBase"]
[SourceDate "2008.11.26"]
[SourceVersion "1"]
[SourceVersionDate "2008.11.26"]
[SourceQuality "1"]

1. e4 c6 2. d4 d5 3. Nc3 b5 4. a3 a6 5. exd5 cxd5 6. Qf3 e6 7. Bd3 Nc6 8. Nge2 Bb7 9. 0-0 Nf6 10. Re1 Be7 11. Qg3 Bd6 12. Bf4 Nh5 13. Qg4 Nxf4 14. Nxf4 Bxf4 15. Qxf4 0-0 16. Re3 Qf6 17. Qxf6 gxf6 18. Ne2 Rfe8 19. c3 e5 20. Rg3+ Kh8 21. Rh3 1/2-1/2

[Event "HUN-chT2 Szechenyi 0203"]
[Site "Hungary"]
[Date "2003.02.02"]
[Round "6"]
[White "Munkacsy, Istvan"]
[Black "Gaal, Sandor"]
[Result "1-0"]
[WhiteElo "2149"]
[BlackElo "2174"]
[PlyCount "139"]
[EventDate "2002.09.22"]
[EventType "team"]
[EventRounds "11"]
[EventCountry "HUN"]
[SourceTitle "EXT 2009"]
[Source "ChessBase"]
[SourceDate "2008.11.26"]
[SourceVersion "1"]
[SourceVersionDate "2008.11.26"]
[SourceQuality "1"]

1. e4 c5 2. c3 d5 3. exd5 Qxd5 4. d4 e6 5. Nf3 Nf6 6. Be3 cxd4 7. Qxd4 Qxd4 8. Nxd4 a6 9. Nd2 Nd5 10. Bc4 Be7 11. 0-0 0-0 12. Rae1 Nc6 13. Nxc6 bxc6 14. Bd4 Rb8 15. b4 Rd8 16. Nb3 Ra8 17. Rd1 Bd7 18. g3 Be8 19. Rd3 Rdb8 20. Be5 Rc8 21. Bd4 Rcb8 22. Nc5 Bxc5 23. Bxc5 f6 24. Re1 Bf7 25. f4 g6 26. a3 a5 27. Bd4 axb4 28. cxb4 Kg7 29. Rc1 Rc8 30. Kf2 h5 31. Kf3 Ne7 32. Bb6 Nd5 33. Bd4 Be8 34. h3 Kf7 35. g4 hxg4+ 36. hxg4 Bd7 37. g5 Rh8 38. Bxf6 Rh3+ 39. Ke4 Rxd3 40. Bxd3 Nxf6+ 41. gxf6 Rxa3 42. Rh1 Kxf6 43. Rh7 Be8 44. Rh8 Ra8 45. Kd4 Rd8+ 46. Kc3 Kg7 47. Rh2 Rd5 48. Re2 Bf7 49. Be4 Rd6 50. Kc4 Be8 51. Kc5 Rd1 52. Bc2 Rd5+ 53. Kc4 Kf6 54. Be4 Rd1 55. Kc5 Rf1 56. Rb2 Rc1+ 57. Rc2 Rxc2+ 58. Bxc2 e5 59. fxe5+ Kxe5 60. Ba4 g5 61. Bxc6 Bh5 62. b5 Be2 63. b6 Ba6 64. Bg2 g4 65. Kc6 Kf4 66. Kc7 Kg3 67. Bf1 Bb7 68. Kxb7 Kf2 69. Bb5 g3 70. Bc6 1-0

[Event "HUN-chT2 Szechenyi 0203"]
[Site "Hungary"]
[Date "2003.01.19"]
[Round "5"]
[White "Munkacsy, Istvan"]
[Black "Lang, Gusztav"]
[Result "1-0"]
[WhiteElo "2149"]
[BlackElo "2021"]
[PlyCount "29"]
[EventDate "2002.09.22"]
[EventType "team"]
[EventRounds "11"]
[EventCountry "HUN"]
[SourceTitle "EXT 2009"]
[Source "ChessBase"]
[SourceDate "2008.11.26"]
[SourceVersion "1"]
[SourceVersionDate "2008.11.26"]
[SourceQuality "1"]

1. e4 e5 2. Nf3 Nc6 3. Bb5 a6 4. Ba4 Nf6 5. d4 exd4 6. e5 Ne4 7. 0-0 Be7 8. Nxd4 Nc5 9. Nf5 Bf8 10. Re1 Nxa4 11. Qg4 g6 12. Nd6+ Bxd6 13. exd6+ Kf8 14. Bh6+ Kg8 15. Qg5 1-0